00789nam a2200229Ia 4500003000900000008004100009020001800050040001600068080001600084245009800100260005300198300001300251650001900264650002000283650002900303700002700332700002600359700003500385942000700420999001500427952011700442IN-BaIIA211028s9999 xx 000 0 eng d a0-88386-133-X cIIA Library a5(091)bBOS 2aA concise history of science in Indiacedited by D. M. Bose, S. N. Sen and B. V. Subbarayappa aNew DelhibIndian National Science Academyc1971 av, 689p. aNASA Thesaurus aScience-General aScience-Historical97074 aBose, D. M., ed.97075 aSen, S. N., ed.97076 aSubbarayappa, B. V., ed.97077 cBK c4002d4002 00104070aBANbBANcGENd1972-08-11g50.00l0o5(091)/ BOSp4464r2021-11-05v50.00w1972-08-11yBKGRs. 50.00